[Event "CYCC U10 w"]
[Site "Calgary CAN"]
[Date "2023.07.21"]
[Round "5.154"]
[White "Fu, Ashley"]
[Black "Zhang, Michelle"]
[Result "0-1"]
[WhiteElo "1119"]
[BlackElo "1734"]
[PlyCount "54"]
[EventDate "2023.07.19"]
[EventType "swiss"]
[EventRounds "7"]
[EventCountry "CAN"]

1. e4 c6 2. d4 d5 3. Nc3 dxe4 4. Nxe4 Nf6 5. Nxf6+ exf6 6. Nf3 Bd6 7. Bd3 O-O
8. O-O Be6 9. c4 Re8 10. h3 a5 11. b3 Na6 12. a3 Nc7 13. Qc2 g6 14. Bb2 b5 15.
Qc3 b4 16. axb4 Bxb4 17. Qc2 Na6 18. c5 Nc7 19. h4 Nd5 20. h5 Kg7 21. Be4 Ra7
22. Rfd1 Rae7 23. Ra2 Bg4 24. Bxd5 Qxd5 25. Rd3 Qxh5 26. Bc1 Re1+ 27. Nxe1
Rxe1# 0-1

[Event "CYCC U10 w"]
[Site "Calgary CAN"]
[Date "2023.07.21"]
[Round "5.156"]
[White "Fang, Chelsea"]
[Black "McCallum, Siobhan"]
[Result "1-0"]
[WhiteElo "975"]
[BlackElo "837"]
[PlyCount "115"]
[EventDate "2023.07.19"]
[EventType "swiss"]
[EventRounds "7"]
[EventCountry "CAN"]

1. d4 d5 2. c4 e6 3. Nc3 c6 4. Nf3 dxc4 5. e3 b5 6. a4 a6 7. axb5 cxb5 8. Nxb5
Bb7 9. Nc3 Bb4 10. Bxc4 Qc7 11. Qa4+ Nc6 12. O-O Nf6 13. Ne5 a5 14. Nxc6 Bxc6
15. Bb5 Rc8 16. Bd2 O-O 17. Rac1 Qb7 18. Bxc6 Rxc6 19. Rc2 Rfc8 20. Rfc1 h6 21.
h3 Ne4 22. Nxe4 Bxd2 23. Rxc6 Bxc1 24. Rxc8+ Qxc8 25. Qxa5 Bxb2 26. Nd6 Qc1+
27. Kh2 Qf1 28. Qd8+ Kh7 29. Nxf7 Qb1 30. Qh8+ Kg6 31. Ne5+ Kh5 32. Qe8+ g6 33.
Qxg6+ Qxg6 34. g4+ Kg5 35. Nxg6 Kxg6 36. Kg3 Kg5 37. h4+ Kg6 38. Kf4 Ba3 39.
Ke5 Kf7 40. f4 Bf8 41. f5 Bg7+ 42. Kf4 exf5 43. Kxf5 Bf8 44. d5 Bd6 45. e4 Be7
46. h5 Kg7 47. e5 Kf7 48. e6+ Kg7 49. Ke5 Kf8 50. d6 Bd8 51. Kf5 Bg5 52. Kg6
Ke8 53. Kg7 Kd8 54. Kf8 Bf4 55. e7+ Kd7 56. e8=Q+ Kxd6 57. Qb8+ Kc6 58. Qxf4
1-0

[Event "CYCC U10 w"]
[Site "Calgary CAN"]
[Date "2023.07.21"]
[Round "5.157"]
[White "Wang, Elsa"]
[Black "Chen, Karen"]
[Result "0-1"]
[WhiteElo "830"]
[BlackElo "892"]
[PlyCount "56"]
[EventDate "2023.07.19"]
[EventType "swiss"]
[EventRounds "7"]
[EventCountry "CAN"]

1. e4 e6 2. d4 b6 3. Nf3 Bb7 4. Nc3 Bb4 5. e5 d5 6. exd6 Bxd6 7. Bc4 Nf6 8. O-O
O-O 9. Re1 Nbd7 10. d5 e5 11. Nb5 Re8 12. Nxd6 cxd6 13. b3 Qc7 14. Bb2 Qc5 15.
Rc1 Nxd5 16. Qd3 Nb4 17. Qc3 Nxa2 18. Qd3 Nxc1 19. Rxc1 b5 20. Bxb5 Bc6 21.
Bxc6 Qxc6 22. Re1 e4 23. Qd4 f6 24. Nd2 Qxc2 25. Nxe4 Rxe4 26. Rd1 Rxd4 27.
Rxd4 Qb1+ 28. Rd1 Qxd1# 0-1

[Event "CYCC U10 w"]
[Site "Calgary CAN"]
[Date "2023.07.21"]
[Round "5.158"]
[White "Vigurs, Sofia"]
[Black "Li, Meijia"]
[Result "1-0"]
[WhiteElo "824"]
[BlackElo "877"]
[PlyCount "57"]
[EventDate "2023.07.19"]
[EventType "swiss"]
[EventRounds "7"]
[EventCountry "CAN"]

1. e4 e5 2. Nf3 Nc6 3. Bc4 Nf6 4. Ng5 d5 5. exd5 Na5 6. Bb5+ c6 7. dxc6 bxc6 8.
Ba4 Bd7 9. Bb3 Nxb3 10. axb3 Nd5 11. d3 Bc5 12. O-O h6 13. Nf3 Qf6 14. Nbd2 Bg4
15. Ne4 Qe7 16. Nxc5 Qxc5 17. Re1 f6 18. h3 Bh5 19. d4 Qd6 20. dxe5 fxe5 21. c4
Bxf3 22. Qxf3 Rf8 23. Qd1 Qf6 24. cxd5 Qxf2+ 25. Kh1 cxd5 26. Rxe5+ Kd8 27.
Qxd5+ Kc7 28. Re7+ Kb6 29. Rb7# 1-0

[Event "CYCC U10 w"]
[Site "Calgary CAN"]
[Date "2023.07.21"]
[Round "5.161"]
[White "Li, Elena"]
[Black "Huang, Chloe"]
[Result "0-1"]
[WhiteElo "457"]
[BlackElo "920"]
[PlyCount "136"]
[EventDate "2023.07.19"]
[EventType "swiss"]
[EventRounds "7"]
[EventCountry "CAN"]

1. e4 e5 2. Nf3 Nf6 3. Nc3 Nc6 4. d3 Bc5 5. Be3 Bb6 6. Be2 d6 7. O-O Be6 8. Qd2
d5 9. d4 dxe4 10. Ng5 exd4 11. Bf4 dxc3 12. Qxc3 Qd7 13. Rad1 Bd4 14. Qd2 O-O-O
15. Be3 Qd5 16. Bh5 Bxe3 17. Qxe3 Qf5 18. Bxf7 Rxd1 19. Rxd1 Bxf7 20. Nxf7 Rf8
21. Ng5 h6 22. Nh3 Qe5 23. b3 Ng4 24. Qg3 Qxg3 25. hxg3 Nb4 26. Nf4 g5 27. Ne6
Re8 28. Nc5 e3 29. fxe3 Rxe3 30. a3 Nxc2 31. Rf1 Re1 32. Nd3 Rxf1+ 33. Kxf1
Nxa3 34. Nc5 b6 35. Ne6 a5 36. Nd4 Ne3+ 37. Kg1 Nac2 38. Nc6 Kb7 39. Nd8+ Ka6
40. Nc6 b5 41. Nb8+ Kb7 42. Nd7 Nd4 43. Nc5+ Kc6 44. Nd3 Nxb3 45. Ne5+ Kb7 46.
Nf7 g4 47. Nxh6 a4 48. Nf7 a3 49. Nd8+ Kb6 50. Ne6 a2 51. Kf2 Nc2 52. Nf8 a1=Q
53. Nd7+ Ka7 54. Ke2 Qe1+ 55. Kd3 Qd1+ 56. Kc3 Qxd7 57. Kxc2 Nd4+ 58. Kc3 Nf5
59. Kb4 Qc6 60. Kb3 Qc4+ 61. Kb2 Ne3 62. Ka3 b4+ 63. Kb2 Qc3+ 64. Kb1 Ka6 65.
Ka2 Ka5 66. Kb1 Ka4 67. Ka2 Qb3+ 68. Ka1 Nc2# 0-1

[Event "CYCC U10 w"]
[Site "Calgary CAN"]
[Date "2023.07.21"]
[Round "6.154"]
[White "Qian, Ashley"]
[Black "Fang, Chelsea"]
[Result "1-0"]
[WhiteElo "1711"]
[BlackElo "975"]
[PlyCount "95"]
[EventDate "2023.07.19"]
[EventType "swiss"]
[EventRounds "7"]
[EventCountry "CAN"]

1. e4 c5 2. Nf3 d6 3. d4 cxd4 4. Nxd4 Nf6 5. Nc3 g6 6. Be3 Bg7 7. f3 O-O 8. Qd2
Nc6 9. O-O-O Nxd4 10. Bxd4 a5 11. g4 a4 12. a3 Bd7 13. Qf2 e6 14. h4 Ne8 15.
Bxg7 Nxg7 16. Rxd6 Qc7 17. Qb6 Qxb6 18. Rxb6 Rab8 19. Bb5 Bxb5 20. Rxb5 f5 21.
exf5 exf5 22. g5 Ne6 23. Rd1 Nc7 24. Rb6 Rfc8 25. Nxa4 Na6 26. Rd7 Re8 27.
Rbxb7 Rxb7 28. Rxb7 Re1+ 29. Kd2 Re6 30. b4 Re8 31. c4 Nb8 32. b5 Rd8+ 33. Kc2
Nd7 34. f4 Kf7 35. Nb6 Ke6 36. Nxd7 Rxd7 37. Rxd7 Kxd7 38. c5 Kc7 39. Kc3 Kb7
40. c6+ Kc7 41. Kc4 Kb6 42. Kd5 Kc7 43. Kc5 Kd8 44. b6 Kc8 45. b7+ Kc7 46. Kb5
Kb8 47. Kb6 h5 48. c7# 1-0

[Event "CYCC U10 w"]
[Site "Calgary CAN"]
[Date "2023.07.21"]
[Round "6.155"]
[White "Zhang, Michelle"]
[Black "Vigurs, Sofia"]
[Result "1-0"]
[WhiteElo "1734"]
[BlackElo "824"]
[PlyCount "55"]
[EventDate "2023.07.19"]
[EventType "swiss"]
[EventRounds "7"]
[EventCountry "CAN"]

1. e4 e5 2. Nf3 Nc6 3. Bc4 Bc5 4. d3 Nf6 5. O-O h6 6. c3 d5 7. exd5 Nxd5 8. Re1
Bg4 9. d4 Bb6 10. h3 Be6 11. Nxe5 Nxe5 12. Rxe5 O-O 13. Na3 Qf6 14. Bxd5 Rad8
15. Bf3 c5 16. Be3 Rd7 17. Nc2 Rfd8 18. Qe2 cxd4 19. Bxd4 Bxd4 20. Nxd4 b6 21.
Nxe6 fxe6 22. Rxe6 Qf7 23. Re1 Kh7 24. Be4+ Kh8 25. Bg6 Qf8 26. Re8 Rxe8 27.
Qxe8 Qxe8 28. Rxe8# 1-0

[Event "CYCC U10 w"]
[Site "Calgary CAN"]
[Date "2023.07.21"]
[Round "6.157"]
[White "McCallum, Siobhan"]
[Black "Chen, Karen"]
[Result "0-1"]
[WhiteElo "837"]
[BlackElo "892"]
[PlyCount "72"]
[EventDate "2023.07.19"]
[EventType "swiss"]
[EventRounds "7"]
[EventCountry "CAN"]

1. e4 e6 2. d4 b6 3. Nc3 Bb7 4. e5 Bb4 5. Nf3 d6 6. Bd3 c5 7. Be3 d5 8. O-O
Bxc3 9. bxc3 Ba6 10. Bxa6 Nxa6 11. Qd3 Nb8 12. dxc5 bxc5 13. Bxc5 Nd7 14. Bd4
Ne7 15. Rab1 Nc6 16. Rfd1 O-O 17. Be3 Ndxe5 18. Qe2 Qe7 19. Rb5 Rfc8 20. Rdb1
h6 21. Nxe5 Nxe5 22. Bd4 Nc4 23. R1b4 e5 24. Be3 d4 25. Bd2 dxc3 26. Bxc3 Nd6
27. Bxe5 Nxb5 28. Rxb5 f6 29. f4 fxe5 30. Rxe5 Qb7 31. Re7 Qb1+ 32. Kf2 Rxc2
33. Kg3 Rxe2 34. Rxe2 Qg6+ 35. Kh3 h5 36. g4 Qxg4# 0-1

[Event "CYCC U10 w"]
[Site "Calgary CAN"]
[Date "2023.07.21"]
[Round "6.160"]
[White "Li, Meijia"]
[Black "Peng, Anny"]
[Result "1-0"]
[WhiteElo "877"]
[BlackElo "561"]
[PlyCount "45"]
[EventDate "2023.07.19"]
[EventType "swiss"]
[EventRounds "7"]
[EventCountry "CAN"]

1. e4 e5 2. Nf3 Nc6 3. Nc3 Nf6 4. Bc4 Bc5 5. d3 Nd4 6. Bg5 Be7 7. Nxe5 O-O 8.
O-O d6 9. Nf3 Bg4 10. h3 Nxf3+ 11. gxf3 Bh5 12. Kh2 Nd7 13. Bf4 Ne5 14. Rg1
Nxf3+ 15. Kh1 Qd7 16. Rg3 Bh4 17. Rxf3 Bxf3+ 18. Qxf3 Qc8 19. Rg1 Bxf2 20. Qxf2
Qxh3+ 21. Bh2 Rfe8 22. Qxf7+ Kh8 23. Qxg7# 1-0

[Event "CYCC U10 w"]
[Site "Calgary CAN"]
[Date "2023.07.22"]
[Round "7.154"]
[White "Chen, Karen"]
[Black "Qian, Ashley"]
[Result "0-1"]
[WhiteElo "892"]
[BlackElo "1711"]
[PlyCount "67"]
[EventDate "2023.07.19"]
[EventType "swiss"]
[EventRounds "7"]
[EventCountry "CAN"]

1. d4 d5 2. Bf4 Nf6 3. e3 c5 4. c3 Nc6 5. Nd2 Bf5 6. Ngf3 e6 7. Be2 Qb6 8. dxc5
Qxb2 9. Qc1 Qxc1+ 10. Rxc1 Bxc5 11. O-O O-O 12. Nb3 Bb6 13. Rfd1 h6 14. Bd3
Bxd3 15. Rxd3 Rac8 16. h3 Rfe8 17. Ne5 Nxe5 18. Bxe5 Nd7 19. Bg3 Nc5 20. Nxc5
Bxc5 21. c4 Bb6 22. Rdc3 d4 23. exd4 Bxd4 24. Rd3 Bf6 25. Rd7 Re7 26. Rxe7 Bxe7
27. Rb1 b6 28. Kh2 Rxc4 29. Bb8 Rc2 30. Bxa7 Rxf2 31. Rxb6 Rxa2 32. Rb8+ Kh7
33. Rb7 Bd6+ 34. Kg1 0-1

[Event "CYCC U10 w"]
[Site "Calgary CAN"]
[Date "2023.07.22"]
[Round "7.156"]
[White "Fang, Chelsea"]
[Black "Fu, Ashley"]
[Result "0-1"]
[WhiteElo "975"]
[BlackElo "1119"]
[PlyCount "48"]
[EventDate "2023.07.19"]
[EventType "swiss"]
[EventRounds "7"]
[EventCountry "CAN"]

1. d4 d5 2. c4 e6 3. Nc3 Nf6 4. Nf3 Nbd7 5. e3 b6 6. cxd5 exd5 7. Bb5 Be7 8.
Bc6 Rb8 9. Nxd5 Nxd5 10. Bxd5 O-O 11. O-O Nf6 12. Bb3 Bb7 13. Re1 Qd6 14. h3
Rbd8 15. Bc2 Ne4 16. Bxe4 Bxe4 17. b3 Qg6 18. Bb2 Rd5 19. g3 Rh5 20. Kh2 Qf5
21. h4 Bxf3 22. Qd2 Bxh4 23. Kg1 Qh3 24. Rac1 Qg2# 0-1

[Event "CYCC U10 w"]
[Site "Calgary CAN"]
[Date "2023.07.22"]
[Round "7.158"]
[White "Wang, Elsa"]
[Black "Li, Meijia"]
[Result "0-1"]
[WhiteElo "830"]
[BlackElo "877"]
[PlyCount "138"]
[EventDate "2023.07.19"]
[EventType "swiss"]
[EventRounds "7"]
[EventCountry "CAN"]

1. e4 e5 2. Nf3 Nc6 3. Bb5 Nf6 4. O-O Nxe4 5. Re1 Nd6 6. Nxe5 Be7 7. Nxc6 dxc6
8. Ba4 O-O 9. Nc3 Bf5 10. d4 Bg5 11. Bb3 Qf6 12. d5 Rfe8 13. Bxg5 Qxg5 14. dxc6
bxc6 15. Ba4 Bh3 16. g3 Rxe1+ 17. Qxe1 Qf5 18. Rc1 Qf3 19. Bxc6 Qxc6 20. f3
Qxf3 21. Qd2 Nc4 22. Qf2 Qc6 23. b3 Ne3 24. Ne2 Ng4 25. Nd4 Qb7 26. Qe2 c5 27.
Nf3 Qc6 28. Ng5 Re8 29. Qd2 Qh6 30. Rd1 g6 31. Qf4 Rf8 32. Rd7 a5 33. Rd5 f6
34. Nxh3 Qxh3 35. Rd2 Re8 36. Qf1 Qxf1+ 37. Kxf1 Re4 38. h3 Ne5 39. Rd5 Re3 40.
Kf2 Rf3+ 41. Kg2 Rc3 42. Rd2 c4 43. Re2 cxb3 44. axb3 Nc6 45. h4 Nd4 46. Rd2
Rxc2 47. Rxc2 Nxc2 48. Kf2 Nd4 49. Ke3 Nxb3 50. Kd3 Nc5+ 51. Kc2 Kf7 52. Kb2
Ke6 53. Ka3 Nb7 54. Ka4 Kf5 55. Kb5 Kg4 56. Kb6 a4 57. Kxb7 a3 58. Kb6 a2 59.
Kc5 a1=Q 60. Kc6 Kxg3 61. Kb6 f5 62. Kc6 f4 63. Kb6 f3 64. Kc6 f2 65. Kb6 f1=Q
66. Kc6 Qfd1 67. Kb6 Qdc1 68. Kb7 Qab2+ 69. Ka6 Qca1# 0-1

[Event "CYCC U10 w"]
[Site "Calgary CAN"]
[Date "2023.07.22"]
[Round "7.161"]
[White "Peng, Anny"]
[Black "Li, Elena"]
[Result "1-0"]
[WhiteElo "561"]
[BlackElo "457"]
[PlyCount "59"]
[EventDate "2023.07.19"]
[EventType "swiss"]
[EventRounds "7"]
[EventCountry "CAN"]

1. e4 e5 2. Nf3 Nc6 3. Nc3 Nf6 4. d4 d5 5. Bg5 Be7 6. dxe5 Ng4 7. Bf4 Bc5 8.
Bg3 O-O 9. exd5 Ne7 10. Bd3 Nf5 11. Qd2 Nxg3 12. hxg3 a5 13. Bxh7+ Kh8 14.
O-O-O Nxf2 15. Rh2 Nxd1 16. Qxd1 Be3+ 17. Kb1 Bh6 18. Qd3 f5 19. Bg6 Kg8 20. e6
Rf6 21. Bf7+ Kh8 22. Qe3 Qd6 23. g4 fxg4 24. Kc1 b6 25. Ne4 Qe7 26. Nxf6 Qxf6
27. Nd4 Qf1+ 28. Kd2 Qf6 29. Nf5 g6 30. Rxh6# 1-0

[Event "CYCC U12"]
[Site "Calgary CAN"]
[Date "2023.07.19"]
[Round "1.128"]
[White "Lu, Aiden"]
[Black "Gupta, Dhruv"]
[Result "1-0"]
[WhiteElo "1561"]
[BlackElo "786"]
[PlyCount "109"]
[EventDate "2023.07.19"]
[EventType "swiss"]
[EventRounds "7"]
[EventCountry "CAN"]

1. e4 e6 2. d4 b6 3. Bd3 Bb7 4. Nd2 Nf6 5. Ngf3 g6 6. Qe2 Bg7 7. Nb3 d6 8. Bg5
h6 9. Bh4 Nbd7 10. e5 g5 11. exf6 Nxf6 12. Bg3 Nh5 13. O-O-O Qf6 14. c3 O-O-O
15. Ba6 Rd7 16. Qb5 c6 17. Qxc6+ Rc7 18. Bxb7+ Kb8 19. Bxd6 Qd8 20. Bxc7+ Qxc7
21. Qxc7+ Kxc7 22. Be4 f5 23. Bc2 Nf4 24. Rhe1 Kd7 25. Ne5+ Ke7 26. g3 Nh5 27.
Ng6+ Kf7 28. Nxh8+ Bxh8 29. d5 exd5 30. Rxd5 Ng7 31. Bxf5 Nxf5 32. Rxf5+ Kg6
33. g4 h5 34. Re6+ Kg7 35. Rxg5+ Kf7 36. Rxh5 Kxe6 37. Rxh8 Kf6 38. Re8 Kg5 39.
h3 Kf4 40. Re3 a5 41. h4 Kxg4 42. h5 Kxh5 43. Rg3 Kh4 44. Kd2 Kh5 45. Ke3 a4
46. Nd4 b5 47. Kf4 a3 48. b4 Kh6 49. Rg5 Kh7 50. Kf5 Kh6 51. Kf6 Kh7 52. Rg6
Kh8 53. Kf7 Kh7 54. Rf6 Kh8 55. Rh6# 1-0

[Event "CYCC U12"]
[Site "Calgary CAN"]
[Date "2023.07.19"]
[Round "1.129"]
[White "Skorinskiy, Oleg"]
[Black "Kumbharathi, Harsha"]
[Result "0-1"]
[WhiteElo "752"]
[BlackElo "1547"]
[PlyCount "72"]
[EventDate "2023.07.19"]
[EventType "swiss"]
[EventRounds "7"]
[EventCountry "CAN"]

1. e4 c6 2. d4 d5 3. exd5 cxd5 4. Bd3 Nc6 5. Nf3 Bg4 6. h3 Bxf3 7. Qxf3 Nxd4 8.
Qd1 Nc6 9. O-O e6 10. Bf4 Bd6 11. Bxd6 Qxd6 12. Nc3 a6 13. Ne2 Nf6 14. a3 O-O
15. c4 Rad8 16. cxd5 exd5 17. Nd4 Nxd4 18. Qa4 Nc6 19. Qb3 Ra8 20. Rad1 Rfd8
21. Rd2 Rd7 22. Bf5 Rc7 23. Re1 Qf4 24. Qd3 Ne5 25. Qd4 Nf3+ 26. gxf3 Qxf5 27.
Qe5 Qxe5 28. Rxe5 Rd8 29. Rde2 Kf8 30. Rd2 d4 31. Re1 Nh5 32. Kg2 d3 33. Red1
g5 34. Rxd3 Rxd3 35. Rxd3 Nf4+ 36. Kg3 Nxd3 0-1

[Event "CYCC U12"]
[Site "Calgary CAN"]
[Date "2023.07.19"]
[Round "1.130"]
[White "Patil, Tanishq"]
[Black "Zhuang, George"]
[Result "0-1"]
[WhiteElo "1543"]
[BlackElo "723"]
[PlyCount "76"]
[EventDate "2023.07.19"]
[EventType "swiss"]
[EventRounds "7"]
[EventCountry "CAN"]

1. d4 d5 2. Bf4 Nf6 3. e3 Bf5 4. Nf3 a6 5. Bd3 Bxd3 6. Qxd3 e6 7. Nbd2 Bd6 8.
Bg3 Bxg3 9. hxg3 Nc6 10. c3 h6 11. e4 Qd7 12. e5 Ng8 13. Nb3 Nge7 14. Nc5 Qc8
15. a3 b6 16. Nb3 Na5 17. Nxa5 bxa5 18. g4 Ng6 19. g5 Nf4 20. Qd2 Nxg2+ 21. Kf1
Nh4 22. Rxh4 h5 23. g6 fxg6 24. Qg5 Rh6 25. Rxh5 gxh5 26. Qxg7 Qb7 27. Qxh6
Qb5+ 28. Kg2 O-O-O 29. Qxe6+ Rd7 30. Qe8+ Kb7 31. e6 Rg7+ 32. Kh2 Qxe8 33. Re1
Qe7 34. Kh3 Qf6 35. Re3 Qf5+ 36. Kh2 Qg4 37. Ne1 Qg1+ 38. Kh3 Qh1# 0-1

[Event "CYCC U12"]
[Site "Calgary CAN"]
[Date "2023.07.19"]
[Round "1.131"]
[White "Vong, Nathan"]
[Black "Fu, Odyssey"]
[Result "0-1"]
[WhiteElo "722"]
[BlackElo "1537"]
[PlyCount "128"]
[EventDate "2023.07.19"]
[EventType "swiss"]
[EventRounds "7"]
[EventCountry "CAN"]

1. e4 c5 2. Bc4 Nc6 3. Nc3 Nf6 4. Nf3 e6 5. d3 d5 6. exd5 exd5 7. Bb5 Be7 8. d4
O-O 9. O-O a6 10. Bxc6 bxc6 11. Bf4 Bg4 12. dxc5 Bxc5 13. h3 Bh5 14. Re1 Qb6
15. Be3 Bxe3 16. Rxe3 Rad8 17. Rd3 Bg6 18. Rd2 Qxb2 19. Na4 Qb5 20. c3 Ne4 21.
Rd4 c5 22. c4 Qa5 23. Rxd5 Rxd5 24. cxd5 Rd8 25. Rc1 h6 26. Ne5 Qb5 27. Nxg6
fxg6 28. Nc3 Nxc3 29. Rxc3 Qb4 30. Qf3 c4 31. a3 Qc5 32. Qe4 Rf8 33. Kh2 Qd6+
34. Kg1 Rf4 35. Qe6+ Qxe6 36. dxe6 Kf8 37. Re3 Ke7 38. Kf1 Rf6 39. Ke2 Rxe6 40.
Rxe6+ Kxe6 41. Kd2 Kd5 42. Kc3 g5 43. g3 h5 44. f3 g6 45. f4 gxf4 46. gxf4 a5
47. a4 Kc5 48. h4 Kd5 49. Kd2 Kd4 50. Kc2 c3 51. Kc1 Kc4 52. Kc2 Kb4 53. Kc1
Kxa4 54. Kb1 Kb3 55. Kc1 c2 56. f5 gxf5 57. Kd2 Kb2 58. Ke3 c1=Q+ 59. Kf3 Qc4
60. Kg3 Qe4 61. Kh3 Qg4+ 62. Kh2 f4 63. Kh1 f3 64. Kh2 Qg2# 0-1

[Event "CYCC U12"]
[Site "Calgary CAN"]
[Date "2023.07.19"]
[Round "1.132"]
[White "Xue, Zachary"]
[Black "Farjam, Soren"]
[Result "1-0"]
[WhiteElo "1522"]
[BlackElo "709"]
[PlyCount "113"]
[EventDate "2023.07.19"]
[EventType "swiss"]
[EventRounds "7"]
[EventCountry "CAN"]

1. e4 e6 2. d4 d5 3. exd5 exd5 4. Nf3 Nf6 5. c4 Be7 6. Nc3 Bg4 7. h3 Bh5 8. Bf4
c6 9. Be2 Bxf3 10. Bxf3 dxc4 11. O-O Nbd7 12. Re1 O-O 13. Qe2 Re8 14. Qxc4 Qb6
15. Rac1 Qxb2 16. Rb1 Qa3 17. Rxb7 Red8 18. Bc7 Re8 19. Rb3 Bd6 20. Be2 Qxb3
21. axb3 Bxc7 22. Qxc6 Rac8 23. Qf3 Ba5 24. Rc1 Rxc3 25. Rxc3 Bxc3 26. Bb5 Bxd4
27. g4 h6 28. h4 Nc5 29. Bxe8 Nxe8 30. Qd5 Ne6 31. Kf1 Nf6 32. Qa8+ Kh7 33. f3
Nc5 34. b4 Nd3 35. g5 Nh5 36. Qe4+ g6 37. Qxd3 Ng3+ 38. Kg2 Nf5 39. Kh3 hxg5
40. hxg5 Kg7 41. Qc4 f6 42. Qc7+ Kf8 43. gxf6 Bxf6 44. Qxa7 Bd4 45. Qb8+ Kf7
46. b5 Kf6 47. b6 Be5 48. Qh8+ Ke6 49. Qxe5+ Kxe5 50. b7 Kf4 51. Kg2 Nh4+ 52.
Kf2 Nxf3 53. b8=Q+ Kg4 54. Qb4+ Kf5 55. Kxf3 Ke5 56. Qe4+ Kd6 57. Qxg6+ 1-0

[Event "CYCC U12"]
[Site "Calgary CAN"]
[Date "2023.07.19"]
[Round "1.133"]
[White "Zheng, Jeffrey"]
[Black "Ha, Hoc Quan"]
[Result "0-1"]
[WhiteElo "630"]
[BlackElo "1510"]
[PlyCount "64"]
[EventDate "2023.07.19"]
[EventType "swiss"]
[EventRounds "7"]
[EventCountry "CAN"]

1. e4 e6 2. Nf3 d5 3. exd5 exd5 4. d4 Bd6 5. c4 c6 6. c5 Bc7 7. Bd3 Qe7+ 8. Be3
Nf6 9. O-O O-O 10. Bg5 h6 11. Re1 Be6 12. Bxf6 Qxf6 13. Nc3 Nd7 14. Qc2 Rfe8
15. Ne2 Bg4 16. Nd2 Bxe2 17. Rxe2 Rxe2 18. Bxe2 Qxd4 19. Nf3 Qxc5 20. Qf5 Nf6
21. Ne5 Bxe5 22. Qxe5 Re8 23. Qc7 Rxe2 24. Qc8+ Ne8 25. Rf1 Qe7 26. Qg4 Rxb2
27. Qd1 Qe2 28. Qe1 Rxa2 29. Qb4 Rb2 30. Qa3 a6 31. Qa5 c5 32. Re1 Qxf2+ 0-1

[Event "CYCC U12"]
[Site "Calgary CAN"]
[Date "2023.07.19"]
[Round "1.134"]
[White "Wen, Justin"]
[Black "Nguyen, Aiden"]
[Result "1-0"]
[WhiteElo "1483"]
[BlackElo "626"]
[PlyCount "41"]
[EventDate "2023.07.19"]
[EventType "swiss"]
[EventRounds "7"]
[EventCountry "CAN"]

1. e4 e5 2. Nf3 Nc6 3. c3 Nf6 4. d4 exd4 5. e5 Nd5 6. cxd4 Bb4+ 7. Bd2 Bxd2+ 8.
Qxd2 O-O 9. Bd3 h6 10. Nc3 Nxc3 11. bxc3 d6 12. O-O-O Be6 13. c4 d5 14. h4 dxc4
15. Be4 Bd5 16. Bb1 Bxf3 17. gxf3 Qd5 18. Rdg1 Nxd4 19. Rxg7+ Kxg7 20. Rg1+ Kh8
21. Qxh6# 1-0

[Event "CYCC U12"]
[Site "Calgary CAN"]
[Date "2023.07.19"]
[Round "1.135"]
[White "Slobinsky, Tal"]
[Black "Dunikov, Glib"]
[Result "0-1"]
[WhiteElo "584"]
[BlackElo "1458"]
[PlyCount "61"]
[EventDate "2023.07.19"]
[EventType "swiss"]
[EventRounds "7"]
[EventCountry "CAN"]

1. e4 e6 2. Nh3 d5 3. d3 dxe4 4. Nc3 exd3 5. Bxd3 Be7 6. Ne4 Nf6 7. Nxf6+ Bxf6
8. Qf3 Nc6 9. Qg3 Qd6 10. f4 Bxb2 11. Bxb2 Qb4+ 12. c3 Qxb2 13. O-O Qxc3 14.
Rac1 Qf6 15. Ng5 g6 16. Be4 Bd7 17. Qb3 Qd4+ 18. Rf2 Qb6 19. Qc3 Nd4 20. Re1 h6
21. Nf3 Nxf3+ 22. Qxf3 c6 23. Qc3 O-O-O 24. a4 f5 25. a5 Qc7 26. Rd1 g5 27.
fxg5 fxe4 28. Rfd2 hxg5 29. Rxd7 Qxh2+ 30. Kf2 Rhf8+ 31. Ke2 0-1

[Event "CYCC U12"]
[Site "Calgary CAN"]
[Date "2023.07.19"]
[Round "1.136"]
[White "Zhan, Jayden"]
[Black "Yuan, Jaydon"]
[Result "1-0"]
[WhiteElo "1431"]
[BlackElo "578"]
[PlyCount "101"]
[EventDate "2023.07.19"]
[EventType "swiss"]
[EventRounds "7"]
[EventCountry "CAN"]

1. e4 e5 2. Nf3 Nc6 3. d3 Nf6 4. g3 Bc5 5. Bg2 d6 6. O-O O-O 7. Nbd2 Be6 8. c3
Bg4 9. h3 Bh5 10. Qe1 Re8 11. Nh4 Nd7 12. Kh1 Nf8 13. f4 exf4 14. gxf4 d5 15.
d4 Bb6 16. e5 f6 17. Ndf3 fxe5 18. fxe5 Ne6 19. Qg3 Ne7 20. Ng5 Ng6 21. Nxg6
Bxg6 22. h4 Nf8 23. Bh3 h6 24. Rxf8+ Rxf8 25. Ne6 Be4+ 26. Kh2 Qe7 27. Bxh6 Rf7
28. Rg1 g6 29. h5 Rf3 30. Qxf3 Bxf3 31. Rxg6+ Kh7 32. Bg7 Bxh5 33. Rh6+ Kg8 34.
Rh8+ Kf7 35. Rxa8 Kg6 36. Bf6 Qxf6 37. exf6 Kxf6 38. Nf4 Bd1 39. Nxd5+ Kf7 40.
Nxb6 axb6 41. Ra7 Bf3 42. Bg2 Bxg2 43. Kxg2 Ke6 44. Rxb7 Kd6 45. Kf3 Kc6 46.
Ra7 b5 47. Ke4 Kb6 48. Ra8 Kb7 49. Rf8 Kb6 50. Kd5 c6+ 51. Kd6 1-0

[Event "CYCC U12"]
[Site "Calgary CAN"]
[Date "2023.06.19"]
[Round "1.110"]
[White "Mendes, Aaron Reeve"]
[Black "Liu, Eric"]
[Result "1-0"]
[WhiteElo "2305"]
[BlackElo "962"]
[PlyCount "39"]
[EventDate "2023.07.19"]
[EventType "swiss"]
[EventRounds "7"]
[EventCountry "CAN"]

1. e4 c6 2. c4 d5 3. exd5 cxd5 4. cxd5 Nf6 5. Nc3 Nxd5 6. Nf3 Nc6 7. Bb5 Nxc3
8. bxc3 Qc7 9. d4 Bd7 10. O-O e6 11. Re1 Bd6 12. d5 Ne7 13. Bxd7+ Qxd7 14. dxe6
fxe6 15. Qb3 Nd5 16. c4 Ne7 17. Bb2 b6 18. Rad1 O-O 19. Qc3 Rf6 20. Ba3 1-0

[Event "CYCC U12"]
[Site "Calgary CAN"]
[Date "2023.07.19"]
[Round "1.111"]
[White "Wang, Patrick"]
[Black "Zhao, Jifan"]
[Result "0-1"]
[WhiteElo "960"]
[BlackElo "2113"]
[PlyCount "73"]
[EventDate "2023.07.19"]
[EventType "swiss"]
[EventRounds "7"]
[EventCountry "CAN"]

1. e4 e6 2. d4 d5 3. Nc3 Nf6 4. e5 Nfd7 5. Bd3 c5 6. Be3 Nc6 7. dxc5 d4 8. Bd2
dxc3 9. Bxc3 Ndxe5 10. Qd2 Nxd3+ 11. cxd3 Nd4 12. Ne2 Bxc5 13. O-O O-O 14. Qe3
Nxe2+ 15. Qxe2 Bd4 16. Bb4 Re8 17. Rab1 b6 18. Qg4 Ba6 19. Rbd1 Qd5 20. Bd2
Bxd3 21. Bh6 Bxf1 22. Rxd4 Qxg2+ 23. Qxg2 Bxg2 24. Kxg2 gxh6 25. Rg4+ Kf8 26.
Rh4 Rad8 27. Rxh6 Rd2 28. Rxh7 Rxb2 29. h4 Rxa2 30. h5 Ke7 31. h6 Ra5 32. Rg7
Rh5 33. h7 Rh8 34. f4 R8xh7 35. Rxh7 Rxh7 36. Kf3 a5 37. f5 0-1

[Event "CYCC U12"]
[Site "Calgary CAN"]
[Date "2023.07.19"]
[Round "1.112"]
[White "Marchand, Calix"]
[Black "Zhang, Walter"]
[Result "1-0"]
[WhiteElo "2101"]
[BlackElo "952"]
[PlyCount "57"]
[EventDate "2023.07.19"]
[EventType "swiss"]
[EventRounds "7"]
[EventCountry "CAN"]

1. e4 e6 2. d3 d5 3. Nd2 c5 4. Ngf3 Nc6 5. g3 Bd7 6. Bg2 g6 7. O-O Bg7 8. Re1
Nge7 9. h4 Qc7 10. exd5 Nxd5 11. Ne4 h6 12. Nxc5 O-O-O 13. c4 Nde7 14. Bf4 Qb6
15. Ne4 Rdf8 16. c5 Qxb2 17. Rb1 Qxa2 18. Nd6+ Kd8 19. Nxb7+ Ke8 20. Re2 Qa6
21. Re4 Na5 22. Nd6+ Kd8 23. Rb8+ Nc8 24. Nxc8 Bxc8 25. Ra4 Bc3 26. Qc2 e5 27.
Qxc3 exf4 28. Rxa5 Qe6 29. Rxa7 1-0

[Event "CYCC U12"]
[Site "Calgary CAN"]
[Date "2023.07.19"]
[Round "1.113"]
[White "Zhang, Ryan"]
[Black "Liu, Zachary"]
[Result "0-1"]
[WhiteElo "948"]
[BlackElo "2071"]
[PlyCount "60"]
[EventDate "2023.07.19"]
[EventType "swiss"]
[EventRounds "7"]
[EventCountry "CAN"]

1. d4 d5 2. c4 c6 3. Nc3 Nf6 4. Bg5 e6 5. e3 Nbd7 6. Nf3 Qa5 7. Qa4 Qxa4 8.
Nxa4 dxc4 9. Bxc4 b5 10. Bxb5 cxb5 11. Nc3 b4 12. Nb5 Rb8 13. Nxa7 Ba6 14. Nc6
Rc8 15. Nxb4 Bxb4+ 16. Kd1 Ne4 17. Bh4 f6 18. a3 Bd6 19. Nd2 Nxd2 20. Kxd2 e5
21. Rhe1 Nb6 22. b3 Kd7 23. h3 exd4 24. Bg3 Bxg3 25. fxg3 d3 26. Rac1 Rxc1 27.
Rxc1 Rc8 28. Rxc8 Kxc8 29. e4 Nd7 30. a4 Nc5 0-1